| 000 | 00480nam a2200121Ia 4500 | ||
|---|---|---|---|
| 008 | 220615s9999||||xx |||||||||||||| ||und|| | ||
| 245 | 0 |
_aMapping Crisis _bParticipation, Datafication and Humanitarianism in the Age of Digital Mapping |
|
| 546 | _aEnglish[eng] | ||
| 650 | _aTechnology & Engineering||Cartography||Technology & Engineering||Agriculture | ||
| 700 | _aSpecht, Doug | ||
| 856 | _uhttps://library.oapen.org/bitstream/20.500.12657/46152/1/external_content.pdf | ||
| 942 | _cEB | ||
| 999 |
_c7745 _d7745 |
||